000 00814nam a2200241 a 4500
001 66104
003 BD-RjUL
005 20211209081512.0
008 170314r20052002enka 001 0 eng d
020 _a075064804X
035 _a(BD-RjUL)66234
040 _aBDS
_beng
_cBD-RjUL
041 _aeng
082 0 _a571.91
_223
_bHIS 2005
100 1 _aHill, Peter B.
_q(Peter Barrie)
_9195556
245 1 0 _aSmall animal dermatology :
_ba practical guide to the diagnosis and management of skin diseases in dogs and cats /
_cPeter B. Hill.
260 _aOxford :
_bButterworth-Heinemann,
_c2002 [ reprinted 2005 ].
300 _aviii, 326 p. :
_bill. ;
_c25 cm.
504 _aIncludes bibliographical references and index.
650 0 _aDogs
_xDiseases.
_9195557
650 0 _aCats
_xDiseases.
_9195558
942 _2ddc
_cBK
999 _c66104
_d66104